000 00833nam a2200253Ia 4500
003 OSt
005 20220930082815.0
006 a|||||r|||| 00| 0
007 ta
008 220926b |||||||| |||| 00| 0 eng d
024 _a56377
037 _cTheses
040 _aCRL
_cCRL
_beng
041 _2eng
_aeng
100 _aGupta Deepak
110 _aUniversity of Delhi. Faculty of Medical Sciences. Department of Paediatrics
245 0 _aStudy of prevalence of enuresis in children of a resettlement colony and factors associated with it.
260 _c2001
650 _aCHILDREN - DISEASES
700 _a Dr. M. M. A. Faridi Gu.
_9532685
700 _aUniversity of Delhi. Faculty of Medical Sciences. Department of Paediatrics
942 _cDIS
_2CC
999 _c873999
_d873999